000 00722nam a2200217 i 4500
001 168738
003 ES-MaACL
005 20230906213855.0
008 080528s1883 xxk |||| | eng d
080 _a75.035(064.3)
080 _a75.021.322(064.3)
110 2 _aInstitute of Painters in Water Colours.
_9137821
245 1 0 _aCatalogue of the 65 th exhibition containing 100 illustrations by the artists.
260 _aPiccadilly :
_bThe "Graphic",
_c1883.
300 _a64 p., [60] h. de lám. ;
_c21 cm.
650 4 _aAcuarela-
_yS.XIX-
_vExposiciones.
_9137817
655 7 _2tgfbne
_9193628
_aCatálogos de exposiciones
852 _aES-MaACL
_jT-894-F-13
942 _2udc
999 _c168738
_d168738